01657nam a2200373 a 4500001001000000003000500010005001700015008004100032010001100073011001100084040000900095090001000104100004600114245019400160260004100354500006000395502009100455590004100546590004000587590004000627650003000667650002800697650005400725650004400779650003700823650003500860856007000895901000700965942001000972942000600982999001900988952013601007952014001143000111061CHAP20220329144156.0141128s2014 mx fsm |||||||spa d a107523 a108495 cCHAP aTesis1 aMorales Campos, María del Carmen97823310aRepercusiónes socio-históricas de la configuración agraria en la comunidad de Navenchauc en el municipio de Zinacantán, Chiapash[En línea]cpor María del Carmen Morales Campos. aChapingo, Méx. :bEl autor,c2014. aPara ver el contenido del material haga clic en la liga aTesis (M. C. en Desarrollo Rural Regional) -- UACH. Departamento de Sociología Rural aE11695DGDb10c20141201lUCH01h1454 aE5995AHEb05c20141128lUCH01h0932 aE5995AHEb05c20141128lUCH01h093614aChiapasxHistoria.92223514aDerecho agrario.93186614aDesarrollo de la comunidad ruralzChiapas.93203414aExtensión agrícolaxChiapas.93915114aReforma agrariaxChiapas.99553114aTenencia de la tierra.9125889 aFinding aiduhttp://10.13.5.2/tesis/sist111061.pdfzTeclea aquí aBK cTESIS n0 c107523d107523 00104054718TESISaBCbBCd2014-11-28fTESISl0oTesisp33724002433454r2019-12-31 00:00:00w2019-12-31yTESISzRecien adquirido 00102local4053708TESISaBCbBCcPA_TESISd2014-11-28fTESISl0oTesisp33724002433496r2019-12-31 00:00:00tc.2w2019-12-31yTESIS